| 000 | 01098nam a2200229Ia 4500 | ||
|---|---|---|---|
| 003 | Ost | ||
| 005 | 20260507075117.0 | ||
| 008 | 260507s9999||||xx |||||||||||||| ||und|| | ||
| 040 | _cfsecg | ||
| 041 | _aara | ||
| 082 | _a371.334 | ||
| 100 |
_aالهرش، عايد حمدان _eمؤلف |
||
| 245 | 0 |
_aتصميم البرمجيات التعليمية وانتاجها وتطبيقاتها التربوية / _c عايد حمدان الهرش |
|
| 260 |
_aعمان: _bدار المسيرة للنشر والتوزيع, _c2003 |
||
| 300 |
_a281 صفحة؛ _bإيضاحات ؛ _c25 سم |
||
| 520 | _aالحاسوب التعليمي- التصميم التعليمي- تصميم البرمجة التعليمية- انتاج البرمجيات- شبكة الانترنت- انشاء موقع الويب | ||
| 653 | _aأساليب التدريس- الوسائل السمعية البصرية | ||
| 653 | _aإنتاج البرمجيات- التعليم | ||
| 653 | _aبرامج التعليم- تصميم | ||
| 700 |
_aغزاوي، محمد ذبيان _eمؤلف ثانوي |
||
| 942 | _cكتاب | ||
| 999 |
_c43029 _d43029 |
||